U.S. Cities Over 100,000 - S - Statistics

General Stats
  • This quiz has been taken 171 times
    154 since last reset
  • The average score is 22 of 39
Answer Stats
Pop. City % Correct
1,307,402 San Diego
98%
805,235 San Francisco
98%
704,352 Seattle
95%
1,000,536 San Jose
92%
1,327,407 San Antonio
91%
466,488 Sacramento
85%
319,294 St. Louis
82%
324,528 Santa Ana
78%
302,398 Saint Paul
77%
145,170 Syracuse
73%
244,769 St. Petersburg
70%
208,916 Spokane
69%
115,715 Springfield (IL)
69%
154,074 Springfield (MA)
69%
167,319 Springfield (MO)
69%
167,419 Salem
67%
291,707 Stockton
66%
194,920 Shreveport
65%
216,239 San Bernardino
64%
193,744 Salt Lake City
63%
176,320 Santa Clarita
57%
116,468 Santa Clara
54%
146,763 Savannah
54%
174,360 Sioux Falls
54%
246,645 Scottsdale
51%
175,155 Santa Rosa
46%
355,074 San Juan
41%
106,290 Santa Maria
41%
103,959 San Mateo
35%
122,643 Stamford
29%
150,441 Salinas
27%
100,702 San Angelo
26%
101,168 South Bend
25%
129,699 Sterling Heights
23%
117,517 Surprise
23%
124,237 Simi Valley
20%
140,081 Sunnyvale
16%
105,703 Sandy Springs
15%
100,888 Sparks
14%
No matching quizzes found
Score Distribution
Percent of People with Each Score
Percentile by Number Answered
Your Score History
You have not taken this quiz since the last reset